000 00518pab a2200181 454500
008 180718b2017 xxu||||| |||| 00| 0 eng d
100 _aAhmed, Neetu
245 _aOpportunity analysis of educational mobile app to provide higher education in rural India
260 _c2017
300 _ap.35-46.
362 _aApr-Jun
650 _aMobile educational services - India
650 _aHigher education - India
650 _aHigher education
700 _aKaur, Gurleen
773 _aAbhigyan
909 _a114835
999 _c114829
_d114829